| 000 | 01783nam0a2200325 4500 | ||
|---|---|---|---|
| 001 | RU\NLR\BIBL_A\012578336 | ||
| 005 | 20211008105904.0 | ||
| 010 |
_a978-5-389-18121-2 _94000 |
||
| 021 |
_aRU _bКН-П-21-021875 _9КН-П-21-1703 |
||
| 035 | _a(NLR Aleph) 012578336 | ||
| 090 |
_a12513640 _c12513640 |
||
| 100 | _a20210812d2021 u y0rusy50 ca | ||
| 101 | 1 |
_arus _ceng |
|
| 102 | _aRU | ||
| 105 | _ay|||z|||000 y | ||
| 181 | 0 |
_ai4 _baxxe |
|
| 182 | 0 | _an | |
| 200 | 1 |
_aDragon Age _iТевинтерские ночи _e[повести, рассказы _fсоставители: Крис Бэйн и др.] _gперевод с английского Ксении Карабасовой [и др.] |
|
| 203 |
_aТекст _bвизуальный _cнепосредственный |
||
| 210 |
_aСанкт-Петербург [и др.] _cАзбука [и др.] _d2021 |
||
| 215 |
_a572, [3] с. _d21 |
||
| 327 | 0 | _aСодерж.: Три дерева до полуночи / Патрик Уикс. Внизу, среди мертвецов; Везение в садах / Сильвия Фекетекути. Ужас Хормака / Джон Эплер. Призыв в Скайхолд; В финале Дженитиви умрет / Лукас Кристьянсон. Голод; Улицы Минратоса / Брианна Бэтти. Убитые магами смерти / Кейтлин Салливан Келли. Работа мастера / Кортни Вудс [и др.] | |
| 333 | _a16+ | ||
| 686 | 1 | _aШ6(7США)67-445я43{Лх1979-62сб} | |
| 702 | 1 |
_aБэйн _bК. _gКрис _4220 |
|
| 942 | _cBOOK | ||
| 980 | _aNB | ||